| 000 | 02833cam a22006494i 4500 | ||
|---|---|---|---|
| 003 | PE-LiUPU | ||
| 005 | 20250731173427.0 | ||
| 008 | 150706s2012 miua r 000 0 eng d | ||
| 020 |
_a0982784937 _q(tapa dura) |
||
| 020 |
_a9780982784938 _q(tapa dura) |
||
| 035 | _a(Sirsi) i9780982784938 | ||
| 040 |
_aPE-LiUPU _bspa _cPE-LiUPU _erda |
||
| 049 | _aPRUA | ||
| 050 |
_aBV2020 _b.K84 2012 |
||
| 082 | 0 | 4 |
_a269 _bB7 _221 |
| 082 | 0 | 4 |
_a377.607 _bK92 _221 |
| 100 | 1 |
_aRamos Carlos, José, _eautor. |
|
| 245 | 1 | 4 |
_aThe Book and the student : _btheological education as mission : a festschrift honoring José Carlos Ramos / _cWagner Kuhn, editor. |
| 264 | 1 |
_aBerrien Springs, Michigan : _bDepartment of World Mission, Seventh-day Adventist Theological Seminary, Andrews University, _c2012. |
|
| 300 |
_a338 páginas : _bilustraciones ; _c23 centímetros. |
||
| 336 |
_atext _2rdacontent |
||
| 337 |
_aunmediated _2rdamedia |
||
| 338 |
_avolume _2rdacarrier |
||
| 490 | 0 |
_aAndrews University mission studies ; _v11 |
|
| 505 | 0 | _aThe book and the professor -- The book and the text -- The book and Theology -- The book and Mission -- The book and Theologians in the Making. | |
| 526 | _aSEG42 | ||
| 526 | _aSEG41 | ||
| 526 | _aSEG40 | ||
| 526 | _aSEG39 | ||
| 526 | _aP94 | ||
| 526 | _aP87 | ||
| 526 | _aP86 | ||
| 526 | _aP85 | ||
| 526 | _aP77 | ||
| 526 | _aP76 | ||
| 526 | _aP35 | ||
| 600 | 1 | _aRamos, José Carlos | |
| 650 | 0 | 4 |
_aAdventistas del séptimo día _xMisiones. |
| 650 | 0 | 4 | _aEducación religiosa. |
| 650 | 0 | 4 | _aMisiones. |
| 650 | 0 | 4 |
_aTeología _xEstudio y enseñanza. _91515 |
| 700 | 1 |
_aWagner Kuhn, _eed. |
|
| 910 |
_agl _clch _d20130425 |
||
| 910 |
_ajck _bncf _cncf _d20170810 |
||
| 942 |
_2ddc _cBOOK |
||
| 949 |
_a269 B7 _wDEWEY _c1 _i66494 _lCIAE1 _mBUL _p18.00 _r0 _sY _tBOOK _u2015-7-6 _xBIBLIOTECA _zUNKNOWN _o.STAFF. Colección General |
||
| 949 |
_a269 B7 _wDEWEY _c2 _i76783 _lCCODEBUL1 _mBUL _p10.00 _r0 _sY _tBOOK _u2017-8-10 _xTEOLOGIA _PP35 _o.STAFF. Colección Teología |
||
| 949 |
_aBV2020 .K84 2012 _wDEWEY _c1 _i65391 _lCIA _mBWL _r1 _sY _tBOOK _u2016-8-8 _xWHITE _zUNKNOWN _0COMPRA _o.STAFF. Centro White |
||
| 994 |
_aC0 _bPEPRU |
||
| 596 | _a1 4 | ||
| 999 |
_a269 B7 _wDEWEY _c54667 _i66494 _lLOST _mBUL _p18.00 _r1 _sY _tBOOK _u2015-7-6 _xBIBLIOTECA _zUNKNOWN _o.STAFF. Colección General _d54667 |
||
| 999 |
_a269 B7 _wDEWEY _c2 _i76783 _f2021-11-10 _g5 _lCCODEBUL1 _mBUL _p10.00 _r0 _sY _tBOOK _u2017-8-10 _xTEOLOGIA _PP35 _o.STAFF. Colección Teología |
||
| 999 |
_a377.607 K92 2012 _wDEWEY _c1 _iCW65391 _f2021-12-23 _g2 _lCCODECWL1 _mBWL _p30.00 _r1 _sY _tBOOK _u2016-8-8 _xWHITE _zUNKNOWN _0COMPRA _o.STAFF. Centro White |
||
| 980 |
_81 _gALBERTO SANCHEZ Responsable de Automatización |
||